000 00792nam a22002177a 4500
999 _c13022
_d13022
003 AR-CdUCM
008 190411b ||||| |||| 00| 0 spa d
040 _aMUNICIPALIDAD PROVINCIAL DEL CUSCO
_cBIBLIOTECA MUNICIPAL DEL CUSCO
082 _aEP / 372.868 /
_bZ28
100 _aZamora S, Raquel
_931186
245 _aZoo Historias :
_bPremio Unico en el genero de cuento infantil del XIX concurso anual de literatura " Franz Tamayo" de 1989 /
260 _aLa Paz :
_bOrĂ­as Luna, Guido
_bAtenea,
_cGuido
300 _a63 paginas ;
_bIlustraciones, graficos, dibujos,
_c27 cm.
500 _aCuentos infantiles
650 _aCuentos
_9312
650 _aHistoria
_9246
650 _aLiteratura
_983
700 _aFernandez, Javier
_931187
942 _2ddc
_cLIBROS
945 _apjha
_d2019-04-11